Ligue 1 2025/2026 - Choix Multiples #2 - Statistiques

Statistiques générales
  • Ce quiz a été pris 5 fois
  • Le résultat moyen est 6 sur 15
Statistiques - réponses
Question Réponse % Correct
Quelle position occupait l'OGC Nice à l'issue de la J15 ? 12e
80%
Dans quel stade a eu lieu le match aller entre le RC Strasbourg et l'AJ Auxerre ? А̀ la Meinau
80%
Durant lequel de ces matchs il n'y a eu AUCUN carton rouge ? OGC Nice vs Paris FC
80%
Combien de points a pris le SCO Angers lors de la J12 ? 3 pts
60%
Contre lequel de ces clubs le Toulouse FC a fait le meilleur résultat А̀ DOMICILE ? (en matière de différence de but avec l'adversaire) FC Metz
60%
Quel joueur a mis un doublé durant le match Paris FC vs Olympique Lyonnais ? Pavel Sulc
60%
Quel joueur a ouvert le score lors du match AS Monaco vs FC Metz ? Habib Diallo
40%
Dans quel stade jouait l'Olympique de Marseille lors de la J18 ? А̀ Raymond Kopa
40%
Durant lequel de ces matchs il n'y a eu AUCUN carton sifflé (jaune comme rouge) ? Stade Rennais vs Paris Saint-Germain
40%
Dans quel club jouait Rudy Matondo en première partie de saison ? AJ Auxerre
20%
Sur quelle période (calendaire) s'est déroulée la J20 ? Du 30 janvier au 1er février 2026
20%
А̀ l'occasion de quelles journées se sont rencontrés le RC Lens et le FC Lorient ? La J11 et la J26
20%
Parmi ces rencontres, laquelle ne s'est pas soldée par un match nul ? Stade Brestois vs FC Lorient
20%
Dans quel stade jouait le Paris FC pendant que le Paris Saint-Germain recevait le RC Lens ? А̀ Francis Le Blé
0%
Durant laquelle de ces journées il n'y a PAS eu de derby de l'Ouest (Confrontation directe entre FC Nantes, SCO Angers, Stade Rennais, FC Lorient ou Stade Brestois) ? La J15
0%
Aucun quiz correspondant
Distribution des résultats
% des personnes avec chaque résultat
Percentile par nombre de réponses
Votre historique - résultats
Vous n’avez pas pris ce quiz